Nguyễn Khuyến thơ và lời bình
Tuyển chọn những bài phê bình, nghiên cứu, đánh giá về cuộc đời, sự nghiệp sáng tác văn học của Nguyễn Khuyến cùng một số giai thoại về ông
Guardat en:
| Autor principal: | |
|---|---|
| Format: | Llibre |
| Idioma: | Vietnamese |
| Publicat: |
H.
Nxb. Văn hóa - Thông tin
2003
|
| Matèries: | |
| Etiquetes: |
Afegir etiqueta
Sense etiquetes, Sigues el primer a etiquetar aquest registre!
|
| Thư viện lưu trữ: | Mạng thư viện Đại học Đà Nẵng |
|---|
| LEADER | 01222nam a2200337 4500 | ||
|---|---|---|---|
| 001 | 000004301 | ||
| 003 | 434 | ||
| 005 | 20121211001214.0 | ||
| 008 | 110719s2003 viesd | ||
| 020 | |c 49000đ | ||
| 041 | 0 | |a vie | |
| 082 | |a 895.9221 |b NG-K | ||
| 100 | 0 | |a Nguyễn Khuyến | |
| 245 | 0 | |a Nguyễn Khuyến thơ và lời bình |c Mai Hương tuyển chọn và b.s | |
| 260 | |a H. |b Nxb. Văn hóa - Thông tin |c 2003 | ||
| 300 | |a 467tr |c 20cm | ||
| 520 | |a Tuyển chọn những bài phê bình, nghiên cứu, đánh giá về cuộc đời, sự nghiệp sáng tác văn học của Nguyễn Khuyến cùng một số giai thoại về ông | ||
| 653 | |a Nguyễn Khuyến | ||
| 653 | |a Thơ | ||
| 653 | |a Lời bình | ||
| 910 | |d 19/07/2011 | ||
| OWN | |a LSP | ||
| AVA | |a UDN50 |b LSP |d 895.9221 NG-K |e check_holdings |t Error 5003 Not defined in file expand_doc_bib_avail. |h N |k 1 | ||
| 999 | |a From the UDN01 | ||
| AVA | |a UDN50 |b LSP |d 895.9221 NG-K |e available |t Error 5001 Not defined in file expand_doc_bib_avail. |f 21 |g 1 |h N |i 0 |k 1 | ||
| TYP | |a Monograph | ||
| TYP | |a Printed language | ||
| 980 | |a Mạng thư viện Đại học Đà Nẵng | ||